000 00453nam a2200133Ia 4500
008 220615s9999||||xx |||||||||||||| ||und||
100 _aMoonen, Tim||Clark, Greg||Nunley, Jack
245 4 _aThe story of your city (Volume 1)
546 _aEnglish[eng]
650 _aBusiness & Economics||Finance||General
700 _aInvestment Bank, European
856 _uhttps://library.oapen.org/bitstream/20.500.12657/43384/1/external_content.epub
942 _cEB
999 _c18069
_d18069